000 00652nam a2200205 a 4500
001 000012210
005 20240412074230.0
008 091106s1992 dr 000 p spa d
040 _aDO-SdBNP
_bspa
_cBNPHU
082 _aRD861.44
_bT689f
100 1 _aTorre, Cabral de la,
_926469
245 1 0 _aFuegos infinitos /
_cCabral de la Torre.
260 _a[s.l.] :
_b[s.n.],
_c1992.
300 _a53 p. ;
_c21 cm.
500 _aIncluye datos biográficos del autor en la solapa de la cubierta.
590 _aInventariado, 2019/LP
650 0 _aPoesía dominicana
_966
650 0 _aLiteratura dominicana.
_967
910 _aValidado. Control de calidad MFF
999 _c11875
_d11875